<?xml version="1.0" encoding="UTF-8"?><?xml-stylesheet type="text/xsl" href="static/style.xsl"?><OAI-PMH xmlns="http://www.openarchives.org/OAI/2.0/" xmlns:xsi="http://www.w3.org/2001/XMLSchema-instance" xsi:schemaLocation="http://www.openarchives.org/OAI/2.0/ http://www.openarchives.org/OAI/2.0/OAI-PMH.xsd"><responseDate>2026-04-13T15:14:39Z</responseDate><request verb="GetRecord" identifier="oai:www.recercat.cat:10459.1/31354" metadataPrefix="marc">https://recercat.cat/oai/request</request><GetRecord><record><header><identifier>oai:recercat.cat:10459.1/31354</identifier><datestamp>2024-12-05T21:51:51Z</datestamp><setSpec>com_2072_3622</setSpec><setSpec>col_2072_479130</setSpec></header><metadata><record xmlns="http://www.loc.gov/MARC21/slim" xmlns:dcterms="http://purl.org/dc/terms/" xmlns:xsi="http://www.w3.org/2001/XMLSchema-instance" xmlns:doc="http://www.lyncode.com/xoai" xsi:schemaLocation="http://www.loc.gov/MARC21/slim http://www.loc.gov/standards/marcxml/schema/MARC21slim.xsd">
   <leader>00925njm 22002777a 4500</leader>
   <datafield ind2=" " ind1=" " tag="042">
      <subfield code="a">dc</subfield>
   </datafield>
   <datafield ind2=" " ind1=" " tag="720">
      <subfield code="a">Filella Guiu, Gemma</subfield>
      <subfield code="e">author</subfield>
   </datafield>
   <datafield ind2=" " ind1=" " tag="720">
      <subfield code="a">Soldevila Benet, Anna</subfield>
      <subfield code="e">author</subfield>
   </datafield>
   <datafield ind2=" " ind1=" " tag="720">
      <subfield code="a">Cabello Cuenca, Enric</subfield>
      <subfield code="e">author</subfield>
   </datafield>
   <datafield ind2=" " ind1=" " tag="720">
      <subfield code="a">Franco Bergua, Luis Antonio</subfield>
      <subfield code="e">author</subfield>
   </datafield>
   <datafield ind2=" " ind1=" " tag="720">
      <subfield code="a">Morell, A.</subfield>
      <subfield code="e">author</subfield>
   </datafield>
   <datafield ind2=" " ind1=" " tag="720">
      <subfield code="a">Farré, N.</subfield>
      <subfield code="e">author</subfield>
   </datafield>
   <datafield ind2=" " ind1=" " tag="260">
      <subfield code="c">2011-03-30T09:01:28Z</subfield>
   </datafield>
   <datafield ind2=" " ind1=" " tag="260">
      <subfield code="c">2011-03-30T09:01:28Z</subfield>
   </datafield>
   <datafield ind2=" " ind1=" " tag="260">
      <subfield code="c">2008</subfield>
   </datafield>
   <datafield ind2=" " ind1=" " tag="520">
      <subfield code="a">Introducción. El propósito de este estudio ha sido evaluar la incidencia que, sobre un grupo de internos de un centro penitenciario, ha tenido la aplicación de un programa de educación emocional para la mejora de la conciencia y la regulación emocional. Se pretendía ofrecer a los internos estrategias de regulación emocional que les fueran útiles en el centro&#xd;
penitenciario y a su vez les facilitaran su futura inclusión social.&#xd;
Método. Se ha utilizado un diseño cuasiexperimental de grupo único con grupo control. Para medir las variables se utilizaron distintos instrumentos, entre ellos una adaptación del CEE (GROP, 2001), un caso práctico (planteamiento de una situación generadora de emociones&#xd;
negativas), un análisis de las sanciones durante dos meses y un cuestionario de valoración de las actividades del programa por parte de los participantes.&#xd;
Resultados. Se destaca que la mayoría de ítems del cuestionario aplicado al grupo&#xd;
experimental mejoran después de formarse así como las respuestas dadas en la resolución del caso práctico. Sin embargo no se puede hablar de diferencias significativas en el caso de las sanciones si se compara con el grupo control. También los implicados valoraron positivamente el programa.&#xd;
Discusión. Los resultados manifiestan que la intervención del programa de educación&#xd;
emocional ha contribuido a la mejora de la conciencia y la regulación emocional del grupo experimental.</subfield>
   </datafield>
   <datafield ind2=" " ind1=" " tag="520">
      <subfield code="a">Introduction. The purpose of this study was to evaluate the impact on a group of inmates&#xd;
produced by an educational program to improve emotional awareness and regulation. The&#xd;
program intended to provide emotional regulation strategies which would be useful for them&#xd;
at prison and also for their future social inclusion.&#xd;
Method. A quasi-experimental design of a single experimental group and a control group was&#xd;
used. Different instruments were used to measure the variables, including an adaptation of&#xd;
CEE (GROP, 2001); a practical case (a situation which generates negative emotions), an analysis of sanctions over two months and a questionnaire for participants to assess program activities.&#xd;
Results. Most of the questionnaire items applied to the experimental group improve after the&#xd;
training as well as answers given to resolve the practical case. However, we cannot say that&#xd;
there are significant differences in sanctions as compared to the control group. Persons&#xd;
participating evaluate the program positively.&#xd;
Discussion and Conclusion. Results demonstrate that the intervention of an emotional education program contributed toward improving emotional awareness and regulation in the experimental group.</subfield>
   </datafield>
   <datafield ind1="8" ind2=" " tag="024">
      <subfield code="a">http://hdl.handle.net/10459.1/31354</subfield>
   </datafield>
   <datafield tag="653" ind2=" " ind1=" ">
      <subfield code="a">Programa de educación emocional</subfield>
   </datafield>
   <datafield tag="653" ind2=" " ind1=" ">
      <subfield code="a">Conciencia emocional</subfield>
   </datafield>
   <datafield tag="653" ind2=" " ind1=" ">
      <subfield code="a">Internos en centros penitenciarios</subfield>
   </datafield>
   <datafield tag="653" ind2=" " ind1=" ">
      <subfield code="a">Intel·ligència emocional</subfield>
   </datafield>
   <datafield tag="653" ind2=" " ind1=" ">
      <subfield code="a">Presons</subfield>
   </datafield>
   <datafield ind2="0" ind1="0" tag="245">
      <subfield code="a">Diseño, aplicación y evaluación de un programa de educación emocional en un centro penitenciario</subfield>
   </datafield>
</record></metadata></record></GetRecord></OAI-PMH>